000
00318nam a2200133Ia 4500
008
240624s9999 xx 000 0 und d
041
_a
eng
082
_a
823 WAL
100
_a
WALLACE IRVING
245
_a
THREE SIRENS
260
_c
2008
_a
Bangalore
_b
Master Mind Books
300
_a
572 : p. : cm. ; 17
365
_c
RS
999
_c
18209
_d
18209